000
00270nam a2200097Ia 4500
008
230915s9999 xx 000 0 und d
050
_a
SB307 .P76 1982
100
_a
M.K. NAIR
245
0
_a
PROCEEDINGS OF THE NATIONAL SEMINAR ON GINGER AND TURMERIC CALICUT
942
_c
BK
999
_c
201765
_d
201765